Tous les vainqueurs des rlcs sur rocket league - Statistiques

Statistiques générales
  • Ce quiz a été pris 738 fois
    35 depuis la dernière actualisation
  • Le résultat moyen est 7 sur 12
Statistiques - réponses
Indice Réponse % Correct
saison 7 Renault Vitality
100%
saison 11 Team Vitality
100%
saison X Team BDS
89%
saison 12 Team BDS
89%
saison 8 NRG Esports
86%
saison 13 NRG Esports
86%
saison 5 Team Dignitas
75%
saison 6 Cloud9
32%
saison 2 Flipside Tactics
11%
saison 4 Gale Force eSports
11%
saison 1 IBUYPOWER
11%
saison 3 Northern Gaming
11%
Aucun quiz correspondant
Distribution des résultats
% des personnes avec chaque résultat
Percentile par nombre de réponses
Votre historique - résultats
Vous n’avez pas pris ce quiz depuis la dernière actualisation